Classical Music of the XX Century #3 - Statistics

General Stats
  • This quiz has been taken 24 times
  • The average score is 6 of 28
Answer Stats
Piece Composer % Correct
La mer Claude Debussy
94%
"The Isle of the Dead", Symphonic Poem Sergei Rachmaninov
61%
Music for 18 Musicians Steve Reich
61%
Parade (ballet) Erik Satie
50%
Sinfonia Artartica (Symphony no.7) Ralph Vaughan Williams
50%
Piano Sonata no.9 "Black Mass" Alexander Scriabin
39%
Symphony no.3 "Kaddish" Leonard Bernstein
39%
Studies for Player Piano Conlon Nancarrow
33%
La création du monde Darius Milhaud
33%
Capriol Suite Peter Warlock
28%
Fratres Arvo Pärt
22%
Die Seejungfrau Alexander Zemlinsky
17%
D'une soire triste Lili Boulanger
11%
Les idées fixes Mauricio Kagel
11%
Jeux vénitiens Witold Lutosławski
11%
Symphony no.50 "Mount St. Helens" Alan Hovhannes
6%
Timbres, espace, mouvement Henri Dutilleux
6%
Lichtbogen Kaija Saariaho
6%
Canti di prigionia Luigi Dallapiccola
6%
Towards the Sea Toru Takemitsu
6%
Symphony no.2 "The Bell" Aram Khachaturian
0%
Time's Encomium Charles Wuorinen
0%
Symphony "Pallas Athene" Ernst Křenek
0%
String Quartet no.1 "Gran Torso" Helmut Lachenmann
0%
Variations and Fugue on a Theme by Mozart (K331) Max Reger
0%
"Forgotten Melodies" Cycles Nikolai Medtner
0%
Symphony no.10 on the poem "The Bronze Horseman" Nikolai Myaskovsky
0%
Voyage into the Golden Screen Per Nørgård
0%
No matching quizzes found
Score Distribution
Percent of People with Each Score
Percentile by Number Answered
Your Score History
You have not taken this quiz